Famous Disasters on the Map - Statistics

General Stats
  • This quiz has been taken 22,240 times
    21,343 since last reset
  • The average score is 8 of 21
Answers on the Map
Answers color-coded by a green-red scale on the quiz's map according to % correct below.
 
Answer Stats
Year Death toll Disaster % Correct
1986 31+ Chernobyl diaster
80%
79 16,000 Vesuvius eruption
72%
2005 1,836+ Hurricane Katrina
66%
1912 ~1,500 Titanic sinking
62%
2011 15,896 Tōhoku earthquake
59%
2010 160,000 Haiti earthquake
54%
1906 3,000+ San Francisco earthquake
49%
1883 36,000+ Krakatoa eruption
46%
2020 218+ Beirut explosion
44%
1980 57 Mount St. Helens eruption
41%
2004 227,898 Indian Ocean earthquakeand tsunami
33%
1934-9 ~7,000 Dust Bowl
28%
2015 2,000+ Mina stampede (Mecca)
24%
1917 1,782 Halifax explosion
21%
1984 3,787+ Bhopal disaster
20%
1989 0 (humans) Exxon Valdez oil spill
20%
1900 ~8,000 Galveston hurricane
20%
1915 1,198 Lusitania sinking
15%
1908 3? Tunguska Event
15%
1986 7 Challenger disaster
14%
1938 ~500,000 Yellow River flood
9%
No matching quizzes found
Score Distribution
Percent of People with Each Score
Percentile by Number Answered
Your Score History
You have not taken this quiz since the last reset